000 00795nam a2200229 a 4500
001 000009463
005 20200929161613.0
008 090930s2008 dr ac 001 0 spa d
020 _a9789945420166
040 _aDO-SdBNP
_bspa
_cBNPHU
082 _a923.7
_bR175C
100 1 _aRamos, Emelda,
_d1948-
_91915
245 1 0 _aDelia Quesada :
_bpionera de la dramaturgia infantil /
_cEmelda Ramos.
260 _aSanto Domingo :
_bRenovación,
_c2008.
300 _a80 p. :
_bil., retrs. ;
_c21 cm.
500 _aIncluye datos biográficos del autor en la solapa.
500 _aIncluye bibliografía (p. 70-73)
590 _aLa biblioteca posee 1 e. autografíado.
600 1 4 _aQUESADA, DELIA,
_d1887-1949
_924267
650 4 _aProfesores
_zRepública Dominicana
_xBiografías
_924268
049 _aBNPD
999 _c9223
_d9223